000
00271nam a2200121Ia 4500
008
190216s9999||||xx |||||||||||||| ||und||
100
_a
Lallan Mishra
245
0
_a
Hindi-Ganesh Shankar Vidayam
260
_b
Sanjay Pub
300
_a
208
650
_a
Hindi
942
_c
BK
999
_c
16292
_d
16292